Thermodynamics (Record no. 8344)

000 -LEADER
fixed length control field 00603nam a2200217 i 4500
001 - CONTROL NUMBER
control field 8344
003 - CONTROL NUMBER IDENTIFIER
control field BD-DhUET
008 - FIXED-LENGTH DATA ELEMENTS--GENERAL INFORMATION
fixed length control field 770308s1978 nyua b 001 0 eng
020 ## - INTERNATIONAL STANDARD BOOK NUMBER
International Standard Book Number 0023355301
040 ## - CATALOGING SOURCE
Original cataloging agency DLC
Transcribing agency DLC
Modifying agency BD-DhUET
082 ## - DEWEY DECIMAL CLASSIFICATION NUMBER
Classification number 621.01
Item number FAI/1970
100 ## - MAIN ENTRY--PERSONAL NAME
Personal name Faires, Virgil Moring
245 10 - TITLE STATEMENT
Title Thermodynamics
Statement of responsibility, etc. by Virgil Moring Faires and Clifford Max Simmang
250 ## - EDITION STATEMENT
Edition statement 6th ed.
260 ## - PUBLICATION, DISTRIBUTION, ETC. (IMPRINT)
Place of publication, distribution, etc. New York
Name of publisher, distributor, etc. Macmillan
Date of publication, distribution, etc. 1970
300 ## - PHYSICAL DESCRIPTION
Extent xxiii, 647 p.
Other physical details ill.
Dimensions 26 cm.
504 ## - BIBLIOGRAPHY, ETC. NOTE
Bibliography, etc Includes bibliographies
650 #0 - SUBJECT ADDED ENTRY--TOPICAL TERM
Topical term or geographic name as entry element Thermodynamics
700 ## - ADDED ENTRY--PERSONAL NAME
Personal name Simmang, Clifford Max
942 ## - ADDED ENTRY ELEMENTS (KOHA)
Koha item type General Book
Holdings
Price effective from Source of classification or shelving scheme Copy number Koha normalized classification for sorting Sublocation or collection (holding branch) Koha item type Koha date last seen Not for loan Koha full call number Withdrawn status Damaged status Piece designation (barcode) Lost status Date acquired Location (home branch) Shelving location
2015-01-20 1621_010000000000000_FAI_1978Central Library, BUETGeneral Book2015-01-20 621.01/FAI/1978  42943 2015-01-20Central Library, BUETCirculation section
2024-12-11 ৬/ক-১621_010000000000000_FAI_1970Central Library, BUETRental Item2024-12-11 621.01 FAI/1970  63135 1985-06-11Central Library, BUETRental section
2024-12-11 ৬/ক-২621_010000000000000_FAI_1970Central Library, BUETRental Item2024-12-11 621.01 FAI/1970  63136 1985-06-11Central Library, BUETRental section
2024-12-11 ৬/ক-৩621_010000000000000_FAI_1970Central Library, BUETRental Item2024-12-11 621.01 FAI/1970  63137 1985-06-11Central Library, BUETRental section
2024-12-11 ৬/ক-৪621_010000000000000_FAI_1970Central Library, BUETRental Item2024-12-11 621.01 FAI/1970  63138 1985-06-11Central Library, BUETRental section
2024-12-11 ৬/ক-৫621_010000000000000_FAI_1970Central Library, BUETRental Item2024-12-11 621.01 FAI/1970  63139 1985-06-11Central Library, BUETRental section
2024-12-11 ৬/ক-৬621_010000000000000_FAI_1970Central Library, BUETRental Item2024-12-11 621.01 FAI/1970  63140 1985-06-11Central Library, BUETRental section
2024-12-11 ৬/ক-৭621_010000000000000_FAI_1970Central Library, BUETRental Item2024-12-11 621.01 FAI/1970  63141 1985-06-11Central Library, BUETRental section
2024-12-11 ৬/ক-৮621_010000000000000_FAI_1970Central Library, BUETRental Item2024-12-11 621.01 FAI/1970  63142 1985-06-11Central Library, BUETRental section
2024-12-11 ৬/ক-৯621_010000000000000_FAI_1970Central Library, BUETRental Item2024-12-11 621.01 FAI/1970  63143 1985-06-11Central Library, BUETRental section
2024-12-11 ৬/ক-১০621_010000000000000_FAI_1970Central Library, BUETRental Item2024-12-11 621.01 FAI/1970  63144 1985-06-11Central Library, BUETRental section
2024-12-11 ৬/ক-১১621_010000000000000_FAI_1970Central Library, BUETRental Item2024-12-11 621.01 FAI/1970  63145 1985-06-11Central Library, BUETRental section
2024-12-11 ৬/ক-১২621_010000000000000_FAI_1970Central Library, BUETRental Item2024-12-11 621.01 FAI/1970  63146 1985-06-11Central Library, BUETRental section
2024-12-11 ৬/ক-১৩621_010000000000000_FAI_1970Central Library, BUETRental Item2024-12-11 621.01 FAI/1970  63147 1985-06-11Central Library, BUETRental section
2024-12-11 ৬/ক-১৪621_010000000000000_FAI_1970Central Library, BUETRental Item2024-12-11 621.01 FAI/1970  63148 1985-06-11Central Library, BUETRental section
2024-12-11 ৬/ক-১৫621_010000000000000_FAI_1970Central Library, BUETRental Item2024-12-11 621.01 FAI/1970  63149 1985-06-11Central Library, BUETRental section
2024-12-11 ৬/ক-১৬621_010000000000000_FAI_1970Central Library, BUETRental Item2024-12-11 621.01 FAI/1970  63150 1985-06-11Central Library, BUETRental section
2024-12-11 ৬/ক-১৭621_010000000000000_FAI_1970Central Library, BUETRental Item2024-12-11 621.01 FAI/1970  63151 1985-06-11Central Library, BUETRental section
2024-12-11 ৬/ক-১৮621_010000000000000_FAI_1970Central Library, BUETRental Item2024-12-11 621.01 FAI/1970  63152 1985-06-11Central Library, BUETRental section
2024-12-11 ৬/ক-১৯621_010000000000000_FAI_1970Central Library, BUETRental Item2024-12-11 621.01 FAI/1970  63153 1985-06-11Central Library, BUETRental section
2024-12-11 ৬/ক-২০621_010000000000000_FAI_1970Central Library, BUETRental Item2024-12-11 621.01 FAI/1970  63154 1985-06-11Central Library, BUETRental section